SMEs boost UK construction sector (Record no. 72159)

MARC details
000 -LEADER
fixed length control field 00915cam a2200181 4500
001 - CONTROL NUMBER
control field WB3908-04
008 - FIXED-LENGTH DATA ELEMENTS--GENERAL INFORMATION
fixed length control field 030226n2003 000 0 eng u
035 ## - SYSTEM CONTROL NUMBER
System control number (Sirsi) u121434
245 ## - TITLE STATEMENT
Title SMEs boost UK construction sector
260 ## - PUBLICATION, DISTRIBUTION, ETC.
Date of publication, distribution, etc. 2003
490 ## - SERIES STATEMENT
Series statement PKF Press Release
Volume/sequential designation 13 January 2003 (3)
520 ## - SUMMARY, ETC.
Summary, etc. PKF has published it's latest "PKF SME Index" which reports that the fourth quarter of 2002 saw business activity in the small and medium-sized enterprise construction sector reach its highest level since the height of the boom in 2001. The index is compiled from a survey of 800 SMEs in the manufacturing, construction and service sectors. Table. Copies of the index are available free from [email protected] http://www.pkf.co.uk/web/pkfweb.nsf/frameset.html?Open
590 ## - LOCAL NOTE (RLIN)
Local note WB
650 ## - SUBJECT ADDED ENTRY--TOPICAL TERM
Topical term or geographic name entry element STATISTICS
650 ## - SUBJECT ADDED ENTRY--TOPICAL TERM
Topical term or geographic name entry element SMES
690 ## - LOCAL SUBJECT ADDED ENTRY--TOPICAL TERM (OCLC, RLIN)
Topical term or geographic name as entry element BUILT ENVIRONMENT-CONSTRUCTION MARKET
942 ## - ADDED ENTRY ELEMENTS (KOHA)
Suppress in OPAC 0
Holdings
Withdrawn status Lost status Source of classification or shelving scheme Damaged status Not for loan Home library Current library Shelving location Date acquired Total Checkouts Full call number Barcode Date last seen Copy number Price effective from Koha item type
    Dewey Decimal Classification     London London News article 26/02/2003   WB3908-04 121434-1001 06/08/2019 1 06/08/2019 News article